| 000 | 00000nam##2200000za#4500 |
| 001 | 9.604204 |
| 003 | CaOODSP |
| 005 | 20210624211444 |
| 007 | cr ||||||||||| |
| 008 | 150406|2006||||xxc|||||o f|0| 0 fre|d |
| 040 | |aCaOODSP|bfre |
| 043 | |an-cn--- |
| 086 | 1 |aIN5-1/5-1-2006F-PDF |
| 110 | 1 |aCanada. |bBureau du surintendant des institutions financières Canada. |bBureau de l'actuaire en chef. |
| 245 | 10|aSupplément à l'étude actuarielle no 5 - Mortalité des bénéficiaires du Programme de la sécurité de la vieillesse |h[ressource électronique] |
| 260 | |aOttawa - Ontario : |bBureau du surintendant des institutions financières. |
| 300 | |a28p.|bfigures, tableaux |
| 490 | 1 |aÉtude actuarielle |vN° 5 - supplément, novembre 2006 |
| 590 | |a12-28-Supp|b2012-06-15 |
| 775 | 08|tAddendum to Actuarial Study No. 5 - Old Age Security Program - mortality experience |w(CaOODSP)9.574462 |
| 830 | #0|aÉtude actuarielle ;|vN° 5 - supplément, novembre 2006|w(CaOODSP)9.502561 |
| 856 | 40|ahttp://publications.gc.ca|qPDF|s488 Ko|uhttps://publications.gc.ca/collections/collection_2012/bsif-osfi/IN5-1-5-1-2006-fra.pdf|yN° 5 - supplément, novembre 2006 |